The lettings market (Record no. 114910)

MARC details
000 -LEADER
fixed length control field 01309cam a22002175a 4500
001 - CONTROL NUMBER
control field L157666
008 - FIXED-LENGTH DATA ELEMENTS--GENERAL INFORMATION
fixed length control field 130225s2013 xxk f 000 0 eng d
035 ## - SYSTEM CONTROL NUMBER
System control number (Sirsi) u157666
041 0# - LANGUAGE CODE
Language code of text/sound track or separate title eng
110 2# - MAIN ENTRY--CORPORATE NAME
Corporate name or jurisdiction name as entry element Office of Fair Trading
9 (RLIN) 1355
245 44 - TITLE STATEMENT
Title The lettings market
Medium [electronic resource]
260 ## - PUBLICATION, DISTRIBUTION, ETC.
Place of publication, distribution, etc. London, OFT, 2013
300 ## - PHYSICAL DESCRIPTION
Extent 159p
520 ## - SUMMARY, ETC.
Summary, etc. Outlines the results of an OFT investigation into residential letting agents based on an analysis of residential letting agent complaints received by Consumer Direct in 2011. Fees and charges and poor service are the top areas of complaints made by landlords and tenants. Recommendations include a number of consumer protection measures including a redress mechanism for resolving complaints, consistency in client monies protection and an agreed enforcement strategy. OFT is planning to consult on a series of measures and guidance aimed at improving standards within the lettings sector.
590 ## - LOCAL NOTE (RLIN)
Local note KA
651 #4 - SUBJECT ADDED ENTRY--GEOGRAPHIC NAME
Geographic name United Kingdom
Chronological subdivision
690 ## - LOCAL SUBJECT ADDED ENTRY--TOPICAL TERM (OCLC, RLIN)
Topical term or geographic name as entry element Residential property
9 (RLIN) 6266
690 ## - LOCAL SUBJECT ADDED ENTRY--TOPICAL TERM (OCLC, RLIN)
Topical term or geographic name as entry element Property management
9 (RLIN) 6262
856 40 - ELECTRONIC LOCATION AND ACCESS
Uniform Resource Identifier <a href="https://webarchive.nationalarchives.gov.uk/20140402234354/http://www.oft.gov.uk/shared_oft/markets-work/lettings/oft1479.pdf">https://webarchive.nationalarchives.gov.uk/20140402234354/http://www.oft.gov.uk/shared_oft/markets-work/lettings/oft1479.pdf</a>
Public note View the item free of charge from the www.oft.gov.uk website.
942 ## - ADDED ENTRY ELEMENTS (KOHA)
Suppress in OPAC 0
Holdings
Withdrawn status Lost status Source of classification or shelving scheme Damaged status Not for loan Home library Current library Shelving location Date acquired Total Checkouts Full call number Barcode Date last seen Copy number Price effective from Koha item type
    Dewey Decimal Classification     Virtual Virtual Online 25/02/2013   ONLINE PUBLICATION 157666-2001 06/08/2019 1 06/08/2019 Book